000 00853nam a2200289 i 4500
001 C2-0337438
003 PPAK
005 20180728140202.0
008 160823s2016 my a|||| ||||| | may d
020 _a9789830075488
040 _aPPAK
_beng
_cPPAK
_erda
082 0 4 _a499.2382
_223
090 0 0 _a499.2382
_bAZI
_dR
100 0 _aAzizul Rahman Abdul Rahman,
_eauthor
245 1 0 _aKarangan tingkatan 4 . 5
264 1 _aBangi, Selangor :
_bPenerbitan Pelangi Sdn. Bhd. ,
_c2016
300 _aviii, 392 pages :
_bcolour illustrations ;
_c26 cm
336 _2rdacontent
_atext
337 _2rdamedia
_aunmediated
338 _2rdacarrier
_avolume
490 1 _aFocus SPM
500 _aIncludes questions and answers.
650 1 0 _aMalay language - Composition and exercises.
700 _eauthor
830 0 _aFocus SPM
942 _ddc
_cB
999 _c135096
_d135096